[Event "Lyon LOE op"]
[Site "Lyon"]
[Date "2002.05.12"]
[Round "8"]
[White "Charvin, Jerome"]
[Black "Colin, Vincent"]
[Result "1-0"]
[WhiteElo "2010"]
[BlackElo "1890"]
[PlyCount "59"]
[EventDate "2002.05.??"]
[EventType "swiss"]
[EventRounds "9"]
[EventCountry "FRA"]
[SourceTitle "EXT 2004"]
[Source "ChessBase"]
[SourceDate "2003.11.25"]
[SourceVersion "1"]
[SourceVersionDate "2003.11.25"]
[SourceQuality "1"]

1. e4 e6 2. d3 d5 3. Nd2 c5 4. g3 Nf6 5. Bg2 Nc6 6. Nh3 dxe4 7. Nxe4 Nxe4 8. Bxe4 Be7 9. Bxc6+ bxc6 10. 0-0 h5 11. Kg2 e5 12. Be3 Bg4 13. f3 Bxh3+ 14. Kxh3 h4 15. g4 Rb8 16. b3 f5 17. Qe2 Qd7 18. Bxc5 Bf6 19. d4 e4 20. fxe4 fxg4+ 21. Qxg4 Qxg4+ 22. Kxg4 Be7 23. Bxe7 Kxe7 24. Rf5 g6 25. Rf3 Rbd8 26. c3 Rd6 27. Raf1 a6 28. Rf7+ Ke8 29. Ra7 Re6 30. Ra8+ 1-0

[Event "Lyon LOE op"]
[Site "Lyon"]
[Date "2002.05.11"]
[Round "6"]
[White "Charvin, Jerome"]
[Black "Colas, Yves"]
[Result "1/2-1/2"]
[WhiteElo "2010"]
[BlackElo "1810"]
[PlyCount "110"]
[EventDate "2002.05.??"]
[EventType "swiss"]
[EventRounds "9"]
[EventCountry "FRA"]
[SourceTitle "EXT 2004"]
[Source "ChessBase"]
[SourceDate "2003.11.25"]
[SourceVersion "1"]
[SourceVersionDate "2003.11.25"]
[SourceQuality "1"]

1. e4 c5 2. Bc4 d6 3. c3 Nc6 4. d3 e6 5. Ne2 g6 6. 0-0 Bg7 7. Be3 Nge7 8. Qd2 Na5 9. Bb5+ Bd7 10. Bxd7+ Qxd7 11. Na3 b6 12. Bh6 0-0 13. Ng3 f5 14. Bxg7 Kxg7 15. Qg5 Kh8 16. h4 f4 17. Ne2 e5 18. f3 Nac6 19. g3 fxg3 20. Qxg3 Rf7 21. Rf2 Raf8 22. Raf1 a6 23. Kh1 Qe6 24. b3 b5 25. Nc2 Qf6 26. Ne3 Qg7 27. Ng4 h5 28. Ne3 Qh6 29. f4 Rg8 30. fxe5 Rxf2 31. Qxf2 dxe5 32. Qf6+ Qg7 33. Nd5 Qxf6 34. Rxf6 Rd8 35. Nxe7 Nxe7 36. Re6 Ng8 37. Rxa6 Rxd3 38. Rxg6 Rh3+ 39. Kg2 Rxh4 40. Ng3 Rg4 41. Rxg4 hxg4 42. Nf5 Nf6 43. Nd6 b4 44. cxb4 cxb4 45. Nf7+ Kg7 46. Nxe5 Nxe4 47. Nxg4 Nc3 48. Nf2 Nxa2 49. Nd3 Kf6 50. Kf3 Ke6 51. Ke4 Kd6 52. Kd4 Kc6 53. Kc4 Kb7 54. Kc5 Kb8 55. Nxb4 Nc1 1/2-1/2

[Event "Lyon LOE op"]
[Site "Lyon"]
[Date "2002.05.11"]
[Round "7"]
[White "Lux, Gregory"]
[Black "Charvin, Jerome"]
[Result "1-0"]
[WhiteElo "2137"]
[BlackElo "2010"]
[PlyCount "91"]
[EventDate "2002.05.??"]
[EventType "swiss"]
[EventRounds "9"]
[EventCountry "FRA"]
[SourceTitle "EXT 2004"]
[Source "ChessBase"]
[SourceDate "2003.11.25"]
[SourceVersion "1"]
[SourceVersionDate "2003.11.25"]
[SourceQuality "1"]

1. Nf3 g6 2. c4 c5 3. Nc3 Nc6 4. e3 Bg7 5. Be2 Nf6 6. 0-0 0-0 7. d3 d5 8. cxd5 Nxd5 9. Ne4 b6 10. a3 Bb7 11. Ra2 Qc7 12. Bd2 Rfd8 13. Nc3 e6 14. Nxd5 Rxd5 15. Bc3 Rad8 16. Qb1 Ba6 17. Rd1 Qd7 18. Ne1 Ne5 19. Bxe5 Bxe5 20. Bf1 Qa4 21. g3 Qb3 22. a4 Bc4 23. e4 R5d7 24. Nf3 Bg7 25. Nd2 Qxa2 26. Nxc4 Qxa4 27. b3 Qb4 28. f4 Bd4+ 29. Kg2 f6 30. Qa2 a5 31. Nd2 b5 32. Nf3 Bc3 33. h4 Kf7 34. Be2 a4 35. bxa4 Qxa4 36. Qb1 Ra7 37. d4 b4 38. Bc4 cxd4 39. f5 Qa1 40. Qd3 Qb2+ 41. Kh3 Ra1 42. Bxe6+ Ke7 43. Qb5 Rxd1 44. Qb7+ Kd6 45. Qb6+ Ke7 46. Qc7+ 1-0